| 000 | 00425nam a22001577a 4500 | ||
|---|---|---|---|
| 005 | 20250313114355.0 | ||
| 008 | 250313b |||||||| |||| 00| 0 eng d | ||
| 020 | _a9781858051291 | ||
| 050 |
_aHD62 _b.7 STO |
||
| 100 | _aStokes, David | ||
| 245 |
_aSmall business management; _ban active- learn approach |
||
| 250 | _a2nd | ||
| 260 |
_aLondon _bLetts Educational _cc1995 |
||
| 300 |
_aviii, 368p; _bill.; |
||
| 942 |
_2lcc _cBK _n0 |
||
| 999 |
_c4751 _d4751 |
||